<?xml version="1.0" encoding="UTF-8"?>
<record
    xmlns:xsi="http://www.w3.org/2001/XMLSchema-instance"
    xsi:schemaLocation="http://www.loc.gov/MARC21/slim http://www.loc.gov/standards/marcxml/schema/MARC21slim.xsd"
    xmlns="http://www.loc.gov/MARC21/slim">

  <leader>01101nam a2200169   4500</leader>
  <controlfield tag="001">14073</controlfield>
  <controlfield tag="005">20260417121157.0</controlfield>
  <datafield tag="010" ind1=" " ind2=" ">
    <subfield code="a">9782807104518</subfield>
  </datafield>
  <datafield tag="090" ind1=" " ind2=" ">
    <subfield code="a">14073</subfield>
  </datafield>
  <datafield tag="099" ind1=" " ind2=" ">
    <subfield code="o">0</subfield>
  </datafield>
  <datafield tag="100" ind1=" " ind2=" ">
    <subfield code="a">20260417d        u||y0frey50      ba</subfield>
  </datafield>
  <datafield tag="200" ind1=" " ind2=" ">
    <subfield code="a">L'&#xE2;me de l'A</subfield>
    <subfield code="b">LIVR</subfield>
  </datafield>
  <datafield tag="214" ind1=" " ind2=" ">
    <subfield code="c">Lansman editeur</subfield>
  </datafield>
  <datafield tag="323" ind1=" " ind2=" ">
    <subfield code="a">10 personnages</subfield>
  </datafield>
  <datafield tag="330" ind1=" " ind2=" ">
    <subfield code="a">Elle tr&#xF4;nait depuis trente ans au beau milieu de la cit&#xE9; des Douze-Cents : dix-sept &#xE9;tages d'une cage &#xE0; lapins avec ses murs minces comme du papier, ses escaliers branlants, ses ascenseurs d&#xE9;labr&#xE9;s. Un symbole fissur&#xE9; d'une certaine "modernit&#xE9;" que les services de salubrit&#xE9; ont enfin d&#xE9;cid&#xE9; de raser. Malgr&#xE9; les palissades et les interdits, des jeunes du quartier y retournent comme dans une sorte de p&#xE8;lerinage. Ils veulent explorer ensemble, une derni&#xE8;re fois, ce grand corps vide en y traquant les traces de vie laiss&#xE9;es par les familles qui l'occupaient. L'&#xE2;me de l'A &#xE9;voque avant tout, avec bonheur et tendresse, l'attachement aux souvenirs d'enfance ainsi que le passage &#xE0; l'adolescence.</subfield>
  </datafield>
  <datafield tag="610" ind1=" " ind2=" ">
    <subfield code="a">ville</subfield>
    <subfield code="a">urbanisme</subfield>
    <subfield code="a">enfance</subfield>
  </datafield>
  <datafield tag="700" ind1=" " ind2=" ">
    <subfield code="a">Martone</subfield>
    <subfield code="b">Philipppe</subfield>
  </datafield>
  <datafield tag="995" ind1=" " ind2=" ">
    <subfield code="2">0</subfield>
    <subfield code="5">2026-04-17</subfield>
    <subfield code="9">13964</subfield>
    <subfield code="c">JOL</subfield>
    <subfield code="f">JOL-007773</subfield>
    <subfield code="k">TH JP MAR 10</subfield>
    <subfield code="o">0</subfield>
    <subfield code="b">JOL</subfield>
    <subfield code="r">LIVR</subfield>
  </datafield>
</record>
